000 01001nam a2200289 i 4500
001 000044996
003 DO-SdBNP
005 20250529113130.0
006 a||||gr|||| 00| 0
007 ta
008 090721e1977 dr 000 e spa d
040 _aDO-SdBNP
_bspa
_cBNPHU
_erda
082 4 _a305.5097293
_bC343m 1977.
_222
100 1 _aCassá, Roberto,
_d1948-
_910888
_eautor
245 1 0 _aModos de producción, clases sociales y luchas políticas :
_bRepública Dominicana, Siglo XX /
_cRoberto Cassá.
250 _a2a. edición
264 1 _aSanto Domingo :
_bAlfa y Omega,
_c1977.
300 _a105 páginas ;
_c19 cm.
336 _2rdacontent
_atexto
_btxt
337 _2rdamedia
_asin mediación
_bn
338 _2rdacarrier
_avolumen
_bnc
590 _aInventariado 2024 / MF
650 0 _aClases sociales
_zRepública Dominicana
_91062
651 4 _aRepública Dominicana
_xCondiciones sociales
_946
651 4 _aRepública Dominicana
_zCondiciones económicas
_912758
942 _2ddc
_cLBS1
999 _c44485
_d44485